TF2 Demoman Weapons - Statistics

General Stats
  • This quiz has been taken 29 times
  • The average score is 10 of 19
Answer Stats
Hint Answer % Correct
Primary Grenade Launcher
95%
Melee Eyelander
75%
Primary Iron Bomber
75%
Primary Loose Cannon
65%
Melee Bottle
60%
Secondary Chargin’ Targe
60%
Melee Persian Persuader
55%
Secondary Quickiebomb Launcher
55%
Secondary Tide Turner
55%
Primary Ali Baba’s Wee Booties
50%
Primary Bootlegger
50%
Primary Loch And Load
50%
Secondary Sticky Launcher
50%
Secondary Splendid Screen
45%
Melee Nessie’s Nine Iron
40%
Secondary Sticky Jumper
40%
Secondary Base Jumper
30%
Melee Scottish Handshake
15%
Melee Claidheamohmor
0%
No matching quizzes found
Score Distribution
Percent of People with Each Score
Percentile by Number Answered
Your Score History
You have not taken this quiz